Paisajes y habitantes de la provincia de Toledo en el pasado geológico / (Record no. 42089)
[ view plain ]
| 000 -LEADER | |
|---|---|
| campo de control de longitud fija | 00959nam a2200205 i 4500 |
| 001 - NÚMERO DE CONTROL | |
| campo de control | 42089 |
| 003 - IDENTIFICADOR DE NÚMERO DE CONTROL | |
| campo de control | ES-MaACL |
| 005 - FECHA Y HORA DE LA ÚLTIMA TRANSACCIÓN | |
| campo de control | 20230906160539.0 |
| 007 - CAMPO FIJO DE DESCRIPCIÓN FÍSICA--INFORMACIÓN GENERAL | |
| campo de control de longitud fija | t| |
| 008 - DATOS DE LONGITUD FIJA--INFORMACIÓN GENERAL | |
| campo de control de longitud fija | 030312s1953 sp ||||1| spa d |
| 100 1# - ENTRADA PRINCIPAL--NOMBRE DE PERSONA | |
| Nombre de persona | Castaños y Fernández, Emiliano. |
| 9 (RLIN) | 36452 |
| 245 10 - MENCIÓN DEL TÍTULO | |
| Título | Paisajes y habitantes de la provincia de Toledo en el pasado geológico / |
| Mención de responsabilidad, etc. | discurso leído por Emiliano Castaños y Fernández y contestación de Guillermo Téllez González. |
| 260 ## - PUBLICACIÓN, DISTRIBUCIÓN, ETC. | |
| Lugar de publicación, distribución, etc. | Toledo : |
| Nombre del editor, distribuidor, etc. | [s.n., |
| Fecha de publicación, distribución, etc. | 1953] ( |
| Fabricante | Rafael G. Menor) |
| 300 ## - DESCRIPCIÓN FÍSICA | |
| Extensión | 35 p. ; |
| Dimensiones | 24 cm. |
| 500 ## - NOTA GENERAL | |
| Nota general | Precede al tít.: Real Academia de Bellas Artes y Ciencias Históricas de Toledo. |
| 500 ## - NOTA GENERAL | |
| Nota general | Es separata de: Boletín de la Real Academia de Bellas Artes y Ciencias Históricas de Toledo, Año XXVIII-XXIX. nº 64-65. |
| 700 1# - ENTRADA AGREGADA--NOMBRE PERSONAL | |
| Nombre de persona | Téllez González, Guillermo. |
| 9 (RLIN) | 109641 |
| 710 2# - ENTRADA AGREGADA--NOMBRE DE ENTIDAD CORPORATIVA | |
| Nombre de entidad corporativa o nombre de jurisdicción como elemento de entrada | Real Academia de Bellas Artes y Ciencias Históricas de Toledo. |
| 9 (RLIN) | 6297 |
| 852 ## - LOCALIZACIÓN | |
| Ubicación | ES-MaACL |
| Número de control de estantería | 2002-F-16 |
| Sublocalización o colección | R.42064 |
| Estatus retirado | Estado de pérdida | Estado de daño | No para préstamo | Colección | Biblioteca de origen | Biblioteca actual | Ubicación en estantería | Fecha de adquisición | Fuente de adquisición | Total de préstamos | Signatura topográfica completa | Código de barras | Visto por última vez | Precio de reemplazo | Tipo de ítem Koha |
|---|---|---|---|---|---|---|---|---|---|---|---|---|---|---|---|
| Colección de folletos | Biblioteca del Ateneo de Madrid | Biblioteca del Ateneo de Madrid | Depósito folletos | 17/01/2008 | 2002-F-16 | 1044301 | 23/02/2023 | 23/02/2023 | Folleto |
